| 000 | 01041nam a2200205Ia 4500 | ||
|---|---|---|---|
| 003 | OSt | ||
| 005 | 20241030092027.0 | ||
| 007 | ca aa aaaaa | ||
| 008 | 201103s9999 xx 000 0 und d | ||
| 040 | _cSSBUL | ||
| 041 | _abur | ||
| 082 |
_223 _a၂၉၄.၃၄၄၃ နန် _b၉၃၁၃ S-SAT |
||
| 100 | 0 | _aနန္ဒမာလာဘိဝံသ၊ အရှင်၊ အဂ္ဂမဟာပဏ္ဍိတ | |
| 245 | 1 | 0 |
_aဘုရားသော်မှပေးဆပ်ရသည့်ကံကြမ္မာဝဋ်ကြွေးများ / _cအဂ္ဂမဟာပဏ္ဍိတအရှင်နန္ဒမာလာဘိဝံသ။ |
| 260 |
_aရန်ကုန် ၊ _bထေရဝါဒဗုဒ္ဓသာသနာပြုတက္ကသိုလ်၊ _c[ခုနှစ်မပါ]။ |
||
| 300 |
_a၆၈ စာမျက်နာ ၊ _c၁၅ စင်တီ။ |
||
| 500 | _aS-SAT: Dr. Sai Aung Tun | ||
| 650 |
_aဗုဒ္ဓဘာသာ _xတရားတော် _913507 |
||
| 942 |
_2ddc _cBK1 |
||
| 999 |
_c16832 _d16832 |
||